| 000 | 00447nam a2200145 a 4500 | ||
|---|---|---|---|
| 001 | 000048041 | ||
| 005 | 20201002060900.0 | ||
| 008 | 181109s2009 dr 000 spa d | ||
| 040 |
_aDO-SdBNP _bspa _cBNPHU |
||
| 082 |
_axxx _bC736 |
||
| 245 | 0 | _aCompendio de normas sobre sistema dominicano de seguridad social. | |
| 260 |
_aSanto Domingo : _bFundación Pellerano & Herrera, _c2009. |
||
| 300 |
_a411 p. ; _c24 cm. |
||
| 590 | _aInventariado, 2018/DG | ||
| 999 |
_c47529 _d47529 |
||